Python annotated archives / (Record no. 35229)

MARC details
000 -LEADER
fixed length control field 00474nam a22001697a 4500
005 - DATE AND TIME OF LATEST TRANSACTION
control field 20240305152110.0
008 - FIXED-LENGTH DATA ELEMENTS--GENERAL INFORMATION
fixed length control field 240305b |||||||| |||| 00| 0 eng d
020 ## - INTERNATIONAL STANDARD BOOK NUMBER
ISBN 9780072121049
082 ## - DEWEY DECIMAL CLASSIFICATION NUMBER
Classification number 005.133
Item number BRO-P
100 ## - MAIN ENTRY--AUTHOR
Author Name Brown, Martin C.
245 ## - TITLE STATEMENT
Title Python annotated archives /
Statement of responsibility, etc. Martin C.Brown
260 ## - PUBLICATION, DISTRIBUTION, ETC.
Place of Publication india:
Name of publisher, distributor, etc. McGraw-Hill;
Date of publication, distribution, etc. 2000.
300 ## - PHYSICAL DESCRIPTION
Pages xxii,722 p. :
500 ## - GENERAL NOTE
General note Include index.
650 ## - SUBJECT ADDED ENTRY--TOPICAL TERM
Subject / Department computer science/programming
300 ## - PHYSICAL DESCRIPTION
-- ill,
-- 23 cm.
952 ## - LOCATION AND ITEM INFORMATION (KOHA)
-- 0
-- 0
Holdings
Lost status Damaged status Collection code Permanent Location Current Location Shelving Location Date acquired Full Call Number Accession No./Barcode Date last seen item type Koha item type
    CS/IT Superior Information Resource Center (SIRC) Superior University- Gold Campus Superior Information Resource Center (SIRC) Superior University- Gold Campus Programming 03/05/2024 005.133 BRO-P 2000 19215 03/05/2024 BOOK BOOK

Powered by Koha